فلسفة التربية الإسلامية : (رقم التسجيلة. 1693)
[ عرض عادي ]
| 000 -الفاتح | |
|---|---|
| عناصر البيانات ثابتة الطول | 01349cam a2200241 i 4500 |
| 005 - تاريخ ووقت آخر معاملة | |
| حقل ضبط | 20251119124017.0 |
| 008 - عناصر البيانات ثابتة الطول | |
| عناصر البيانات ثابتة الطول | 250721s2009 jo gr 000 0 ara d |
| 020 ## - الترقيم الدولي المعياري للكتب (ردمك) | |
| الترقيم الدولي المعياري للكتب (ردمك) | 9789957231002 |
| 082 14 - رقم تصنيف ديوي العشري | |
| رقم التصنيف | 210.7 |
| رقم المادة | ك ي ل |
| 100 1# - مدخل رئيسي – اسم شخصي | |
| الاسم الشخصي | الكيلاني، ماجد عرسان |
| علاقة الشخص بالعمل/ دوره | مؤلف |
| 245 10 - بيان العنوان | |
| العنوان | فلسفة التربية الإسلامية : |
| بقية العنوان | دراسة مقارنة بالفلسفات التربوية المعاصرة / |
| بيان المسؤولية | تأليف الأستاذ الدكتور ماجد عرسان الكيلاني. |
| 246 11 - الأشكال المختلفة للعنوان | |
| العنوان الفعلي/العنوان المختصر | Philosophy of Islamic education : a comparative study with the contemporary philosophies of education. |
| 250 ## - بيان الطبعة | |
| بيان الطبعة | الطبعة الأولى. |
| 264 31 - بيانات النشر، التوزيع…إلخ | |
| مكان النشر، التوزيع...إلخ | عمان : |
| اسم الناشر، الموزع...إلخ | دار الفتح للدراسات والنشر، |
| تاريخ النشر، التوزيع...إلخ | 2009. |
| 300 ## - الوصف المادي | |
| عدد الوحدات المكونة للوعاء | 597 صفحة. |
| 490 1# - بيان السلسلة | |
| عنوان السلسلة | سلسلة نظرية التربية الإسلامية ؛ |
| رقم الوعاء في السلسلة | رقم 1 |
| 500 ## - ملاحظات عامة | |
| ملاحظات عامة | هذا الكتاب حائز عام 2008 على جائزة الفارابي العالمية وهو بإشراف منظمة الفارابي للعلوم والتربية واتحاد الجامعات الإسلامية ومنظمة اليونسكو. |
| 650 17 - مدخل إضافي بالموضوع - مصطلح موضوعي | |
| مصطلح موضوعي أو اسم جغرافي كعنصر مدخل | التربية الإسلامية. |
| 650 17 - مدخل إضافي بالموضوع - مصطلح موضوعي | |
| مصطلح موضوعي أو اسم جغرافي كعنصر مدخل | الثقافة الإسلامية |
| 830 #0 - مدخل إضافي بالسلسلة-عنوان مقنن | |
| عنوان السلسسلة | سلسلة نظرية التربية الإسلامية. |
| 942 ## - بيانات إضافية (كوها) | |
| نوع التنصيف | Dewey Decimal Classification |
| نوع المادة (كوها) | كتب |
| حالة السحب | حالة الفقدان | مصدر التصنيف | حالة التلف | غير قابل للإعارة | المكتبة الرئيسية | المكتبة الحالية | موقع الرف | تاريخ التزويد | الرقم المتسلسل | Total Checkouts | رقم الإستدعاء | الباركود | تاريخ آخر ظهور | تاريخ الفاتورة | نوع المادة (كوها) |
|---|---|---|---|---|---|---|---|---|---|---|---|---|---|---|---|
| Dewey Decimal Classification | المكتبة المركزية | المكتبة المركزية | الإعارة | 28/07/2025 | 1265843 | 210.7 / ك ي ل | PLD00076089 | 28/07/2025 | 28/07/2025 | كتب | |||||
| Dewey Decimal Classification | المكتبة المركزية | المكتبة المركزية | الإعارة | 28/05/2016 | 1626596 | 210.7 / ك ي ل | PLD00390292 | 28/07/2025 | 28/05/2016 | كتب | |||||
| Dewey Decimal Classification | مكتبة عدن للأطفال | مكتبة عدن للأطفال | الإعارة | 06/02/2025 | 1792869 | 210.7/كيل | PLD00514808 | 28/07/2025 | 06/02/2025 | كتب |